Представление документа в формате MARC21

Поле Инд. ПП Название Значение
Тип записи a
Библиографический уровень b
001 Контрольный номер RU/IS/BASE/234633608
005 Дата корректировки 20200630193230.1
040 b Код языка каталог. rus
e Правила каталог. PSBO
041 0_ a Код языка текста rus
084 a Индекс другой классификации/Индекс ББК 71.413; 60.524.224.67
100 1_ a Автор Борнякова И. В.
245 10 a Заглавие Межкультурный аспект рекламы как один из факторов, определяющих проблематику перевода рекламы
504 a Библиография Библиогр. - Примеч.: с. 134
520 a Аннотация В данной статье рассматривается межкультурный аспект рекламы. Термином "межкультурная коммуникация" обозначается реклама в рамках межкультурной коммуникации. Особое внимание при этом уделяется возможности создания стандартизированных рекламных объявлений, т.е. возможности создания универсальных образов, одинаково притягательных для представителей разных культур
650 a Основная рубрика культурология
a Основная рубрика реклама
a Основная рубрика социология
653 a Ключевые слова культура
a Ключевые слова культурные различия
a Ключевые слова межкультурная коммуникация
a Ключевые слова межкультурное взаимодействие
a Ключевые слова перевод рекламы
a Ключевые слова рекламная коммуникация
a Ключевые слова стандартизация рекламы
773 0_ t Заглавие источника Вестник Московского университета. Серия 9, Филология
d Дата издания источника 2006
g Прочая информация № 5. - С. 128 - 134
w Контрольный № источника RU/IS/BASE/220371624
901 t Тип документа b